LEADER 01027nam0 22003133i 450 001 UFI0515835 005 20231121125909.0 010 $a0727729667 010 $a9780727729668 100 $a20141021d2001 ||||0itac50 ba 101 | $aeng 102 $agb 181 1$6z01$ai $bxxxe 182 1$6z01$an 200 1 $aEarthworks$ea guide$fN. A. Trenter 210 $aLondon$cTelford$d2001 215 $aXI, 265 p.$cill.$d23 cm 606 $aGeotecnica$2FIR$3RMLC125090$9I 606 $aStrade$xMovimenti di terra$2FIR$3RMLC400926$9I 676 $a625.73$9$v21 700 1$aTrenter$b, N. A.$3UFIV169661$01448240 801 3$aIT$bIT-01$c20141021 850 $aIT-FR0099 899 $aBiblioteca Area Ingegneristica$bFR0099 912 $aUFI0515835 950 0$aBiblioteca Area Ingegneristica$d 54DMS 625.7 TRE$e 54VM 0000119325 VM barcode:BAIN004611. - Inventario:504mVM$fA $h20020529$i20121204 977 $a 54 996 $aEarthworks$93641983 997 $aUNICAS